Practical research : (Record no. 1567)

000 -LEADER
fixed length control field 01138cam a2200289 a 4500
003 - CONTROL NUMBER IDENTIFIER
control field OSt
005 - DATE AND TIME OF LATEST TRANSACTION
control field 20210629054449.0
008 - FIXED-LENGTH DATA ELEMENTS--GENERAL INFORMATION
fixed length control field 000505s2001 njua b 001 0 eng
020 ## - INTERNATIONAL STANDARD BOOK NUMBER
International Standard Book Number 0139603603
040 ## - CATALOGING SOURCE
Transcribing agency DLC
050 00 - LIBRARY OF CONGRESS CALL NUMBER
Classification number Q180.55
Item number .M4 L43 2001
100 1# - MAIN ENTRY--PERSONAL NAME
Personal name Leedy, Paul D.
245 10 - TITLE STATEMENT
Title Practical research :
Remainder of title planning and design.
250 ## - EDITION STATEMENT
Edition statement 7th ed. /
Remainder of edition statement Paul D. Leedy, Jeanne Ellis Ormrod.
260 ## - PUBLICATION, DISTRIBUTION, ETC.
Place of publication, distribution, etc. Upper Saddle River, N.J. :
Name of publisher, distributor, etc. Merrill Prentice Hall,
Date of publication, distribution, etc. 2001.
300 ## - PHYSICAL DESCRIPTION
Extent xx, 318 p. :
Other physical details ill. ;
Dimensions 28 cm.
504 ## - BIBLIOGRAPHY, ETC. NOTE
Bibliography, etc. note Includes bibliographical references and index.
650 #0 - SUBJECT ADDED ENTRY--TOPICAL TERM
Topical term or geographic name entry element Research
General subdivision Methodology.
700 1# - ADDED ENTRY--PERSONAL NAME
Personal name Ormrod, Jeanne Ellis.
856 42 - ELECTRONIC LOCATION AND ACCESS
Uniform Resource Identifier http://edrev.asu.edu/reviews/rev132.htm
906 ## - LOCAL DATA ELEMENT F, LDF (RLIN)
a 7
b cbc
c orignew
d 1
e ocip
f 20
g y-gencatlg
942 ## - ADDED ENTRY ELEMENTS (KOHA)
Source of classification or shelving scheme
Koha item type Book
Suppress in OPAC SO
Holdings
Withdrawn status Lost status Source of classification or shelving scheme Damaged status Not for loan Permanent Location Current Location Shelving location Date acquired Total Checkouts Full call number Barcode Date last seen Price effective from Koha item type Public note
          AU LIBRARY AU LIBRARY Open Shelf 29.06.2021   Q180.55 .M4 L43 2001 28001841 29.06.2021 29.06.2021 Book SO

Powered by Koha